000
00280nam a22001097a 4500
082
_a
823
_b
REA/S
245
_a
READER'S DIGEST SELECT EDITIONS:THE DA VINCI CODE DAN BROWN
260
_a
AUSTRALIA
_b
READER'S DIGEST
300
_a
538
650
_a
NOVEL -ENGLISH
_z
AUSTRALIA
942
_c
BK
999
_c
3303
_d
3303